| 000 | 00507nam a2200169Ia 4500 | ||
|---|---|---|---|
| 008 | 210210b1991 xxu||||| |||| 00| 0 eng d | ||
| 020 | _a81 85218 43 9 | ||
| 082 | _a820.309 DHAI | ||
| 100 | _aDHAWAN (R K), Ed. | ||
| 245 | _aIndian women novelists with a focus on feminist and women studies. Set I. Vol 3. | ||
| 260 |
_aNew Delhi. _bPrestiege Books., _c1991 |
||
| 300 | _a255 | ||
| 440 | _a3 | ||
| 650 | _aAnita Desai, Rama Mehta, Gita Mehta | ||
| 690 | _aIndian English Criticism | ||
| 906 | _a053859 | ||
| 999 |
_c102046 _d102046 |
||